000 00878cam a2200277 a 4500
001 30703
003 BD-RjUL
005 20211209051614.0
008 140410s1957 enk 001 0 eng d
035 _a(BD-RjUL)30790
040 _aFSA
_cFSA
_dUKM
_dBD-RjUL
_beng
041 _aeng
082 _a129.0938
_218
_bGUI 1957
090 _aB171
_b.G84
100 1 _aGuthrie, W. K. C.
_q(William Keith Chambers),
_d1906-1981.
_993282
245 1 0 _aIn the beginning :
_bsome Greek views on the origins of life and the early state of man /
_cW. K. C. Guthrie.
260 _aLondon :
_bMethuen,
_c1957.
300 _a151 p. ;
_c23 cm.
490 1 _aMessenger lectures ;
_v1957.
504 _aIncludes bibliographies and index.
650 0 _aPhilosophy, Ancient.
_93836
830 0 _v1957.
_993294
830 0 _aMessenger lectures ;
_955237
942 _2ddc
_cBK
999 _c30703
_d30703